វិទ្យាសាស្រ្តថ្នាក់ទី៤ / (Record no. 8225)

MARC details
000 -LEADER
fixed length control field 01858nam a22002657a 4500
001 - CONTROL NUMBER
control field 8225
003 - CONTROL NUMBER IDENTIFIER
control field FISKH
005 - DATE AND TIME OF LATEST TRANSACTION
control field 20250904111248.0
008 - FIXED-LENGTH DATA ELEMENTS--GENERAL INFORMATION
fixed length control field 250903b cb ||||| |||| 00| 0 eng d
020 ## - INTERNATIONAL STANDARD BOOK NUMBER
International Standard Book Number 9789995001193
040 ## - CATALOGING SOURCE
Original cataloging agency FISKH
Language of cataloging eng
Transcribing agency FISKH
Modifying agency FISKH
082 ## - DEWEY DECIMAL CLASSIFICATION NUMBER
Classification number 500
100 ## - MAIN ENTRY--PERSONAL NAME
Personal name Kimsan, Oeng
245 ## - TITLE STATEMENT
Title វិទ្យាសាស្រ្តថ្នាក់ទី៤ /
260 ## - PUBLICATION, DISTRIBUTION, ETC.
Place of publication, distribution, etc. Phnom Penh :
Name of publisher, distributor, etc. Ministry of Youth and Sport,
Date of publication, distribution, etc. 2019.
300 ## - PHYSICAL DESCRIPTION
Extent 108 pages :
Other physical details color illustrations ;
Dimensions 26 cm
505 ## - FORMATTED CONTENTS NOTE
Formatted contents note Q<br/>
520 ## - SUMMARY, ETC.
Summary, etc. សៀវភៅនេះផ្តោតលើការអភិវឌ្ឍចំណេះដឹង និងជំនាញវិទ្យាសាស្រ្តរបស់សិស្សថ្នាក់ទី៤។ មាតិកាសំខាន់ៗរួមមាន៖ វិទ្យាសាស្រ្តជីវិត៖ រុក្ខជាតិ សត្វ ជីវមណ្ឌល និងការរស់រានមានជីវិត។ វិទ្យាសាស្រ្តផែនដី និងបរិស្ថាន៖ ដី ថ្ម ទឹក អាកាសធាតុ អាកាសធាតុ និងការពារបរិស្ថាន។ វិទ្យាសាស្រ្តរូបវន្ត៖ ថាមពល សំឡេង ពន្លឺ កំដៅ និងចលនា។<br/>ការអនុវត្តន៍ និងពិសោធន៍៖ សិស្សត្រូវបានលើកទឹកចិត្តឲ្យសាកល្បង សង្កេតការណ៍ និងដោះស្រាយបញ្ហា
521 8# - TARGET AUDIENCE NOTE
Target audience note 660<br/>
Source Lexile estimate<br/>
521 8# - TARGET AUDIENCE NOTE
Target audience note Q<br/>
Source Raz-Plus<br/><br/><br/>
650 ## - SUBJECT ADDED ENTRY--TOPICAL TERM
Topical term or geographic name entry element Science
650 ## - SUBJECT ADDED ENTRY--TOPICAL TERM
Topical term or geographic name entry element វិទ្យាសាស្រ្ត
942 ## - ADDED ENTRY ELEMENTS (KOHA)
Source of classification or shelving scheme Dewey Decimal Classification
Koha item type Khmer Books
Suppress in OPAC No
Holdings
Withdrawn status Lost status Source of classification or shelving scheme Damaged status Not for loan Collection Home library Current library Shelving location Date acquired Total Checkouts Full call number Barcode Date last seen Copy number Price effective from Koha item type
    Dewey Decimal Classification     Khmer Language Books / សៀវភៅភាសាខ្មែរ Footprints International School Library Network Toul Kork Campus Footprints International School Library Network Toul Kork Campus TK Old Khmer Books (Rear Hallway Shelf 3) 09/04/2025   KIM 500 PZ7 2025-4367 09/04/2025 1 09/04/2025 Khmer Books